00404nam a2200157Ia 45000010006000000050017000060080041000230410008000640820022000721000024000942450070001182600009001883000033001976500008002306540008002382254720260414150838.0260414t1998||||xx |||||||||||||| ||spa|| aESP a621.382bK17 V. 2 aKay, Steven M.eAUT 0aFundamentals of statistical signal processing :bdetection theory c1998 axiv, 560 páginas :c24 cm. aTCA aCET